000
00243nam a2200097Ia 4500
001
752589
005
20250826164706.0
008
250824s9999 xx 000 0 und d
245
0
_a
FİRAVUN İMANI
_c
TARIK BUĞRA
260
_b
İLETİŞİM YAYINLARI
999
_c
752589
_d
752589